000 00377nam a2200169Ia 4500
999 _c2675
_d2675
003 OSt
005 20190914131354.0
008 190902s9999||||xx |||||||||||||| ||und||
020 _a978-0073530352
040 _cmaju
082 _a658.4
100 _aFred Luthans
245 0 _aOrganizational Behavior
260 _aIndia
_bS. Chand
_c2013
300 _a592
942 _cBK
_2ddc